Statistics for Amharic Alphabet

Click here to take the quiz!

General Stats

  • This quiz has been taken 253 times
  • The average score is 16 of 34

Answer Stats

+eLatin% Correct
ɦ
93%
l
83%
m
81%
ħ
76%
r
76%
s
74%
s
72%
ʃ
70%
b
68%
q
61%
t
60%
ʔ
54%
ʢ
52%
ʧ
52%
n
51%
k
48%
w
48%
z
47%
ʒ
45%
d
44%
g
40%
ɸ
39%
ʧʼ
39%
p
39%
38%
ɲ
37%
33%
β
32%
ʦʼ
27%
j
21%
χ
16%
14%
x
14%
ƛʼ
5%

Score Distribution

Percentile by Number Answered

Percent of People with Each Score

Your Score History

You have not taken this quiz